000 00512nam a22002057a 4500
003 IT-MiCISF
005 20250414122140.0
008 190516b ||||| |||| 00| 0 eng d
040 _cIT-MiCISF
041 _ait
100 _aTrigari Michela
_957865
245 _aSotto la legge del bullo
250 _a"SuperAbile INAIL", n. 10
260 _c2016
300 _app, 8-13
500 _ahandicap, bullismo, società, esperienze
650 _ahandicap
_956194
654 _aarticolo
942 _2ddc
_cCR
999 _c358317
_d358317